000 00686cab a22001935a 4500
001 L140082
008 070904s2007 xxkd f 000 0 eng d
035 _a(Sirsi) u140082
041 0 _aeng
100 1 _aFrench, Nick
245 0 0 _aRack rented freehold valuations by spreadsheet
_bintroducing flexibility
260 _c2007
490 0 _aJournal of Property Investment and Finance
_v25(4) 2007, 401-409(9).
520 _aShows how to create a flexible spreadsheet model for valuing a rack rented property allowing the lease length to vary. (See also L137971).
590 _aka
651 4 _aUnited Kingdom
_y
690 _aPROPERTY-PROPERTY APPRAISAL AND VALUATION
942 _n0
999 _c79181
_d79181